000 00686nam a2200265Ia 4500
005 20260121165805.0
008 008 260114s9999 xx 000 0 eng d
020 _a9789811007217
037 _aEBOOK
040 _aCRL
040 _beng
040 _cCRL
041 _2eng
041 _aeng
084 _qCRL
100 _aShengrui Wang, Zhihao Wu
_91056063
245 0 _aDGT-based Measurement of Phosphorus in Sediment Microzones and Rhizospheres
260 _bSpringer
260 _bSpringer
260 _c2016
856 _uhttps://link.springer.com/openurl?genre=book&isbn=978-981-10-0721-7
942 _cEBOOK
999 _c1621791
_d1621791